[Event "Mecklenburg VP Verbandsliga 2223"]
[Site "Mecklenburg VP"]
[Date "2023.03.19"]
[Round "7.2"]
[White "Schamber, Dennis"]
[Black "Kutschke, Peter"]
[Result "1/2-1/2"]
[WhiteElo "1714"]
[BlackElo "1993"]
[PlyCount "35"]
[EventDate "2022.10.23"]
[EventType "team-tourn"]
[EventRounds "9"]
[EventCountry "GER"]
[SourceTitle "EXT 2024"]
[Source "ChessBase"]
[SourceDate "2023.10.10"]
[SourceVersion "1"]
[SourceVersionDate "2023.10.10"]
[SourceQuality "1"]
[WhiteTeam "Makkabi Rostock"]
[BlackTeam "Schwerin SF II"]
[WhiteTeamCountry "GER"]
[BlackTeamCountry "GER"]

1. d4 d5 2. c4 Bf5 3. Nc3 e6 4. Nf3 c6 5. Bg5 Qb6 6. Qb3 dxc4 7. Qxb6 axb6 8. e4 Bg6 9. Bxc4 b5 10. Bd3 h6 11. Bh4 Nd7 12. 0-0 Ngf6 13. Ne5 Nxe5 14. dxe5 Nd7 15. f4 Bc5+ 16. Kh1 0-0 17. Ne2 Bh5 18. Ng3 1/2-1/2

[Event "Mecklenburg VP Verbandsliga 2223"]
[Site "Mecklenburg VP"]
[Date "2023.01.15"]
[Round "5.2"]
[White "Kutschke, Peter"]
[Black "Hubert, Peter"]
[Result "1/2-1/2"]
[WhiteElo "1993"]
[BlackElo "2114"]
[PlyCount "77"]
[EventDate "2022.10.23"]
[EventType "team-tourn"]
[EventRounds "9"]
[EventCountry "GER"]
[SourceTitle "EXT 2024"]
[Source "ChessBase"]
[SourceDate "2023.10.10"]
[SourceVersion "1"]
[SourceVersionDate "2023.10.10"]
[SourceQuality "1"]
[WhiteTeam "Schwerin SF II"]
[BlackTeam "Stralsund HSG"]
[WhiteTeamCountry "GER"]
[BlackTeamCountry "GER"]

1. e4 c5 2. c4 Nc6 3. Ne2 g6 4. d4 cxd4 5. Nxd4 Bg7 6. Be3 Nf6 7. Nc3 0-0 8. Be2 d6 9. 0-0 Bd7 10. Rc1 Rc8 11. b3 a6 12. f3 Nxd4 13. Bxd4 Ne8 14. Nd5 Bxd4+ 15. Qxd4 e6 16. Ne3 Qc7 17. Rfd1 e5 18. Qd2 Be6 19. b4 Qb6 20. Kh1 Rc6 21. a4 Qc7 22. Nd5 Qd8 23. Qe3 Bxd5 24. exd5 Rc8 25. c5 a5 26. bxa5 Qxa5 27. Bb5 Qa7 28. Re1 Rxc5 29. Rxc5 Qxc5 30. Qxc5 dxc5 31. Rxe5 Nd6 32. Re7 Rd8 33. Kg1 Kf8 34. Rc7 Rc8 35. Rd7 Nxb5 36. axb5 Ke8 37. Rxb7 c4 38. Ra7 c3 39. Ra1 1/2-1/2

[Event "Mecklenburg VP Verbandsliga 2021"]
[Site "Mecklenburg VP"]
[Date "2020.09.27"]
[Round "1.7"]
[White "Kutschke, Peter"]
[Black "Pamperin, Gerhard"]
[Result "1-0"]
[WhiteElo "1993"]
[BlackElo "1926"]
[PlyCount "39"]
[EventDate "2020.09.27"]
[EventType "team-tourn"]
[EventRounds "9"]
[EventCountry "GER"]
[SourceTitle "EXT 2024"]
[Source "ChessBase"]
[SourceDate "2023.10.10"]
[SourceVersion "1"]
[SourceVersionDate "2023.10.10"]
[SourceQuality "1"]
[WhiteTeam "Schwerin SF II"]
[BlackTeam "Schwerin SF III"]
[WhiteTeamCountry "GER"]
[BlackTeamCountry "GER"]

1. e4 e6 2. c4 d5 3. cxd5 exd5 4. exd5 Qxd5 5. Nc3 Qd8 6. d4 c6 7. Nf3 Nf6 8. Bc4 Be7 9. 0-0 0-0 10. h3 Nbd7 11. Re1 Nb6 12. Bb3 h6 13. a3 Bd6 14. Ne5 Nfd5 15. Qd3 Be6 16. Bc2 Nf6 17. Ne4 Nbd5 18. Nxd6 Qxd6 19. Bxh6 Rfe8 20. Bxg7 1-0

[Event "GER-ch Seniors 50"]
[Site "Hamburg"]
[Date "2018.07.21"]
[Round "1"]
[White "Kutschke, Peter"]
[Black "Yueksel, Anja"]
[Result "1-0"]
[WhiteElo "2017"]
[BlackElo "1448"]
[PlyCount "27"]
[EventDate "2018.07.21"]
[EventType "swiss"]
[EventRounds "9"]
[EventCountry "GER"]
[SourceTitle "CBM 186 Extra"]
[Source "ChessBase"]
[SourceDate "2018.08.24"]
[SourceVersion "1"]
[SourceVersionDate "2018.08.24"]
[SourceQuality "1"]

1. e4 e5 2. d4 exd4 3. Qxd4 Nc6 4. Qe3 Bb4+ 5. Nc3 d6 6. Bd2 Bd7 7. 0-0-0 Nf6 8. Qg3 0-0 9. h4 Nh5 10. Qh2 Qf6 11. Be2 g6 12. Bxh5 gxh5 13. f3 Ne5 14. Bg5 1-0

[Event "Mecklenburg VP VL 1516"]
[Site "Mecklenburg VP"]
[Date "2016.01.17"]
[Round "5.3"]
[White "Kutschke, Peter"]
[Black "Glawe, Hartmut"]
[Result "0-1"]
[WhiteElo "2000"]
[BlackElo "1908"]
[PlyCount "128"]
[EventDate "2015.09.20"]
[EventType "team-tourn"]
[EventRounds "9"]
[EventCountry "GER"]
[SourceTitle "EXT 2022"]
[Source "ChessBase"]
[SourceDate "2021.10.06"]
[SourceVersion "1"]
[SourceVersionDate "2021.10.06"]
[SourceQuality "1"]
[WhiteTeam "Schwerin SF III"]
[BlackTeam "Stralsund FHSG"]
[WhiteTeamCountry "GER"]
[BlackTeamCountry "GER"]

1. e4 c5 2. c4 Nc6 3. Ne2 g6 4. d4 cxd4 5. Nxd4 Bg7 6. Be3 d6 7. Nc3 Bd7 8. Be2 Nf6 9. 0-0 0-0 10. Rc1 Ne8 11. b3 Nc7 12. Qd2 Nxd4 13. Bxd4 Ne6 14. Be3 Re8 15. Rfd1 Qa5 16. Nd5 Qxd2 17. Rxd2 b6 18. f3 Rac8 19. Rcd1 Nc5 20. Kf2 h6 21. Bd4 Bxd4+ 22. Rxd4 Bc6 23. Nc3 Kg7 24. g3 g5 25. Bf1 Rc7 26. R4d2 g4 27. Bg2 gxf3 28. Bxf3 Nd7 29. h3 Ne5 30. Bg2 Bd7 31. Nd5 Rc5 32. Ne3 Kg6 33. Rd5 Rc7 34. R5d2 Bc8 35. Nd5 Rc5 36. Nf4+ Kg7 37. Rd5 Bb7 38. R5d4 a6 39. Nd3 Nxd3+ 40. R1xd3 Re5 41. g4 a5 42. Re3 Rc8 43. a4 Rf8 44. Bf3 Kf6 45. Kg3 Rg8 46. Kf2 Bc8 47. Be2 Be6 48. Rf3+ Kg5 49. Kg3 f6 50. Rf4 Kg6 51. Rf3 Kf7 52. Kf2 Ke8 53. Rg3 Kd7 54. Kf3 Kc6 55. Rd3 Kc5 56. Kf4 Kb4 57. Bd1 Reg5 58. Rge3 Bf7 59. Be2 h5 60. h4 R5g7 61. gxh5 Rg2 62. Bd1 Be8 63. Rd5 Bd7 64. Re2 R2g3 0-1

[Event "Rostock SSC op 14th"]
[Site "Rostock"]
[Date "2015.07.31"]
[Round "4.4"]
[White "Kutschke, Peter"]
[Black "Brynell, Stellan"]
[Result "0-1"]
[WhiteElo "2058"]
[BlackElo "2436"]
[PlyCount "113"]
[EventDate "2015.07.29"]
[EventType "swiss"]
[EventRounds "7"]
[EventCountry "GER"]
[SourceTitle "EXT 2019"]
[Source "ChessBase"]
[SourceDate "2018.10.10"]
[SourceVersion "1"]
[SourceVersionDate "2018.10.10"]
[SourceQuality "1"]

1. b3 Nf6 2. Bb2 g6 3. e3 Bg7 4. f4 0-0 5. Nf3 d6 6. Be2 e5 7. fxe5 Ng4 8. Qc1 Nxe5 9. 0-0 Nbc6 10. Nc3 Be6 11. Nb5 Bd7 12. a4 a6 13. Na3 d5 14. c4 Be6 15. cxd5 Bxd5 16. Nxe5 Nxe5 17. d4 Nd7 18. Bc4 c6 19. Qd2 Nf6 20. Nb1 Ne4 21. Qd3 Re8 22. Nc3 Nxc3 23. Bxc3 Qg5 24. Bxd5 Qxd5 25. b4 Re4 26. Rf3 Rae8 27. Raf1 f5 28. h3 Qb3 29. a5 Bh6 30. Re1 Bf8 31. Rb1 Qd5 32. Kf2 Bg7 33. g3 h5 34. h4 Kf7 35. Ra1 Bf8 36. Rb1 Bd6 37. Rb2 Ke6 38. Bd2 Kd7 39. Bc3 Be7 40. Re2 Bf6 41. Rc2 Bd8 42. Bd2 Bc7 43. Rc5 Qd6 44. d5 Kc8 45. Bc3 cxd5 46. Bd4 R8e6 47. Qb3 Qe7 48. b5 axb5 49. Rxb5 Rc6 50. Rxb7 Bxg3+ 51. Rxg3 Qxb7 52. Bb6 Rxh4 53. Qa3 Qd7 54. Qd3 Rhc4 55. Kf3 Qe6 56. Bd4 Qe4+ 57. Qxe4 0-1

[Event "Mecklenburg VP VL 1415"]
[Site "Mecklenburg VP"]
[Date "2015.01.18"]
[Round "5.3"]
[White "Kutschke, Peter"]
[Black "Schulz, Bernd"]
[Result "1/2-1/2"]
[WhiteElo "1941"]
[BlackElo "1875"]
[PlyCount "71"]
[EventDate "2014.09.21"]
[EventType "team-tourn"]
[EventRounds "9"]
[EventCountry "GER"]
[SourceTitle "EXT 2022"]
[Source "ChessBase"]
[SourceDate "2021.10.06"]
[SourceVersion "1"]
[SourceVersionDate "2021.10.06"]
[SourceQuality "1"]
[WhiteTeam "Rostock HSG Uni"]
[BlackTeam "Wismar ASV Gruen-Weiss"]
[WhiteTeamCountry "GER"]
[BlackTeamCountry "GER"]

1. e4 e5 2. d4 exd4 3. Qxd4 Nc6 4. Qe3 g6 5. Nc3 Bg7 6. Bd2 d6 7. 0-0-0 Nf6 8. Qg3 Nh5 9. Qf3 Be6 10. h3 Qf6 11. g4 Qxf3 12. Nxf3 Nf6 13. Ng5 0-0-0 14. Nxe6 fxe6 15. f4 Rhf8 16. a3 Ng8 17. Bc4 Rde8 18. Rhf1 e5 19. f5 gxf5 20. gxf5 Nf6 21. Rg1 Re7 22. Bg5 Nd8 23. Rg2 Rd7 24. Rdg1 c6 25. Be3 Bh8 26. Bh6 Re8 27. Bg5 Kc7 28. h4 b5 29. Be2 a5 30. b4 a4 31. h5 Nf7 32. Be3 Rdd8 33. Nxb5+ cxb5 34. Bxb5 Rg8 35. Bxa4 Rxg2 36. Rxg2 1/2-1/2

[Event "Mecklenburg VP VL 1314"]
[Site "Mecklenburg VP"]
[Date "2013.10.27"]
[Round "1.4"]
[White "Kutschke, Peter"]
[Black "Kohn, Thomas2222"]
[Result "1-0"]
[WhiteElo "1932"]
[BlackElo "1875"]
[PlyCount "61"]
[EventDate "2013.10.20"]
[EventType "team-tourn"]
[EventRounds "9"]
[EventCountry "GER"]
[SourceTitle "EXT 2022"]
[Source "ChessBase"]
[SourceDate "2021.10.06"]
[SourceVersion "1"]
[SourceVersionDate "2021.10.06"]
[SourceQuality "1"]
[WhiteTeam "Rostock HSG Uni"]
[BlackTeam "Stralsund FHSG"]
[WhiteTeamCountry "GER"]
[BlackTeamCountry "GER"]

1. e4 c5 2. c4 g6 3. Nf3 Bg7 4. d4 cxd4 5. Nxd4 Nc6 6. Be3 Nf6 7. Nc3 Ng4 8. Qxg4 Nxd4 9. Qd1 e5 10. Qd2 0-0 11. Bd3 d6 12. 0-0 Be6 13. Rad1 Qd7 14. Ne2 Nc6 15. b3 Rad8 16. Bb1 f5 17. f4 Qf7 18. Nc3 a6 19. Nd5 Kh8 20. h3 Bh6 21. Qf2 fxe4 22. Bxe4 Bg7 23. Qd2 Bf5 24. fxe5 dxe5 25. g4 Qe6 26. gxf5 gxf5 27. Bg2 f4 28. Bb6 Rd7 29. Nxf4 Rxd2 30. Nxe6 Rxd1 31. Rxd1 1-0

[Event "Rostock SSC op 12th"]
[Site "Rostock"]
[Date "2013.07.31"]
[Round "2"]
[White "Kutschke, Peter"]
[Black "Fries Nielsen, Jens Ove"]
[Result "0-1"]
[WhiteElo "2045"]
[BlackElo "2381"]
[PlyCount "48"]
[EventDate "2013.07.31"]
[EventType "swiss"]
[EventRounds "7"]
[EventCountry "GER"]
[SourceTitle "EXT 2018"]
[Source "ChessBase"]
[SourceDate "2017.10.13"]
[SourceVersion "1"]
[SourceVersionDate "2017.10.13"]
[SourceQuality "1"]

1. e4 e6 2. Qe2 c5 3. g3 h5 4. h4 Nc6 5. c3 Nf6 6. Bg2 d5 7. d3 dxe4 8. dxe4 Ne5 9. Bg5 c4 10. Nd2 Qc7 11. Bf4 Nfg4 12. f3 Bd6 13. fxg4 Nd3+ 14. Kd1 e5 15. Be3 Bxg4 16. Bf3 Be6 17. Bxh5 Qd7 18. Kc2 Qa4+ 19. Kb1 Nxb2 20. Nb3 Nd3 21. Bf3 cxb3 22. Qxd3 bxa2+ 23. Kc1 Ba3+ 24. Kd2 Rd8 0-1

[Event "Mecklenburg VP VL 1213"]
[Site "Mecklenburg VP"]
[Date "2013.04.28"]
[Round "9.3"]
[White "Wecke, Thoralf"]
[Black "Kutschke, Peter"]
[Result "1/2-1/2"]
[WhiteElo "1987"]
[BlackElo "1959"]
[PlyCount "43"]
[EventDate "2012.10.14"]
[EventType "team-tourn"]
[EventRounds "9"]
[EventCountry "GER"]
[SourceTitle "EXT 2022"]
[Source "ChessBase"]
[SourceDate "2021.10.06"]
[SourceVersion "1"]
[SourceVersionDate "2021.10.06"]
[SourceQuality "1"]
[WhiteTeam "Grevesmuehlen Blau Weiss"]
[BlackTeam "Rostock HSG Uni"]
[WhiteTeamCountry "GER"]
[BlackTeamCountry "GER"]

1. d4 d5 2. Bg5 Nf6 3. Bxf6 exf6 4. e3 Bf5 5. Bd3 Bxd3 6. Qxd3 c6 7. Nd2 Nd7 8. c4 dxc4 9. Qe4+ Qe7 10. Qxe7+ Bxe7 11. Nxc4 0-0-0 12. Nf3 Bb4+ 13. Ke2 Rhe8 14. a3 Bf8 15. Rhd1 c5 16. Rac1 Kb8 17. g3 cxd4 18. Rxd4 Nc5 19. Rcd1 Rxd4 20. Nxd4 a6 21. Nf5 Kc7 22. b4 1/2-1/2